00342nam a2200145Ia 4500003000900000008004100009040001300050040001300063245007300076245001100149250001100160260001100171300000800182490000600190IT-RoPAU120407s9999 xx 000 0 und d aIT-RoPAU cIT-RoPAU aCattolici militanti. Direttive pontificie per l'apostolato dei laici cAA.VV. aMilano aAncora c cm v1